| 000 | 00817nam a22002297a 4500 | ||
|---|---|---|---|
| 999 |
_c16803 _d16803 |
||
| 003 | AR-CdUCM | ||
| 008 | 190506b ||||| |||| 00| 0 spa d | ||
| 040 |
_aMUNICIPALIDAD PROVINCIAL DEL CUSCO _cBIBLIOTECA MUNICIPAL DEL CUSCO |
||
| 082 |
_a108 / _bS17 / 1960 |
||
| 100 |
_aSaint - Simón _936475 |
||
| 245 | _aCatecismo político de los industriales / | ||
| 260 |
_aBuenos Aires : _bAguilar, _c1960. |
||
| 300 |
_a220 páginas ; _c17 cm. |
||
| 440 |
_aBiblioteca de iniciación filosófica _936476 |
||
| 505 | _aContenido : Prologo -- Vida de Saint - Simon escrita por mismo -- Catecismo político de los industriales ... | ||
| 650 |
_aCatecismo _924778 |
||
| 650 |
_aIndustrial _911684 |
||
| 650 |
_aPolítico _97421 |
||
| 700 |
_aArcos, Luis David _936477 |
||
| 942 |
_2ddc _cLIBROS |
||
| 945 |
_arah _d06/05/2019 |
||